01067nam a2200313Ia 450000500170000000800410001702000180005804100080007608200140008410000220009824501290012025000180024930000630026749000140033053400200034465000510036465000300041565000470044570000360049270000240052870000230055294200120057526400280058733600270061533700330064233800280067504000350070399900150073820220317001729.0170328s2007 s ao g 000 0 s  a9788478649198 aspa04a611bZ23c1 aZeitoun, Charline13aEl cuerpo humanoctextos de Charline Zeitoun ; ilustraciones de Peter Allen ; color de Axel Renaux ; adaptación Anna Gasol a2a. edición a23 páginasbilustraciones, fotografías en colorc24 cm aQué es? tLe corps humain142LEMBaAnatomía humanaxEnseñanza elemental142LEMBaFisiología humana142LEMBaCuerpo humanoxEnseñanza elemental1 aAllen, Petereilustrador9514821 aRenaux, Axel9895941 aGasol, Anna989595 2ddccBK aBarcelonabCombelc2007 atextobtxt2rdacontent asin mediaciónbn2rdamedia avolumenbnc2rdacarrier aCO-BoRNBPbspaerdacCO-BoRNBP c7884d7884